Debe algún tribunal tener la última palabra?: el tribunal de justicia y los tribunales de los seis estados fundadores y del Reino Unido

Salvato in:
Dettagli Bibliografici
Autore principale: Cid Villagrasa, Blanca (Autore)
Natura: Libro
Lingua:spagnolo
Pubblicazione: Madrid Marcial Pons 2016
Edizione:1a. ed
Soggetti:
Tags: Aggiungi Tag
Nessun Tag, puoi essere il primo ad aggiungerne!!

MARC

LEADER 00000cam a2200000 a 4500
001 UCC9547
003 CL-VaPUC
008 191004e20160000sp |||||||||||||||||spa|d
020 |a 9788491230823 
082 0 4 |a 347.01  |b CID  |2 21 
100 0 |a Cid Villagrasa, Blanca  |e author  |9 604690 
245 1 0 |a Debe algún tribunal tener la última palabra?: el tribunal de justicia y los tribunales de los seis estados fundadores y del Reino Unido 
250 |a 1a. ed 
300 |a 349 p 
942 |c BK 
945 |d 20191004 13:59:00  |a dcastane 
260 |a Madrid  |b Marcial Pons  |c 2016 
600 0 7 |a TRIBUNAL EUROPEO DE DERECHOS HUMANOS  |2 CL-VaPUC  |9 384901 
650 0 |a Tribunales de justicia   |9 328494 
650 0 |a Derecho procesal civil  |9 258071 
651 0 |a Europa  |9 255156 
583 |a last modification  |c 20191004 13:59:00  |k Rodrigo Vera 
999 |c 375727  |d 375725 
952 |0 0  |1 0  |3 erb  |4 0  |6 347_010000000000000_CID_2016  |7 0  |8 WP_COW  |9 561529  |a BIBDER  |b BIBDER  |e Fundación W and P Cowley  |i 5605814  |o 347.01 CID 2016  |p 5605814  |r 2023-01-25  |w 2020-03-12  |y BK  |z Catalogado en:20191004  |k WPC